| Record ID | ia:stormingtopower00time |
| Source | Internet Archive |
| Download MARC XML | https://archive.org/download/stormingtopower00time/stormingtopower00time_marc.xml |
| Download MARC binary | https://www.archive.org/download/stormingtopower00time/stormingtopower00time_meta.mrc |
LEADER: 02352cam 2200661 a 4500
001 ocm18351641
003 OCoLC
005 20101021102711.0
008 880729s1989 vaua b 001 0 eng
010 $a 88024789
040 $aDLC$cDLC$dBAKER$dBTCTA$dYDXCP$dOCLCG$dGEBAY
019 $a435660049$a438298794
020 $a0809469545
020 $a9780809469543
020 $a0809469553 (lib. bdg.)
020 $a9780809469550 (lib. bdg.)
035 $a(OCoLC)18351641$z(OCoLC)435660049$z(OCoLC)438298794
043 $ae-gx---
050 00 $aDD240$b.S764 1989
082 00 $a943.085$219
245 00 $aStorming to power /$cby the editors of Time-Life Books.
260 $aAlexandria, Va. :$bTime-Life,$cc1989.
300 $a192 p. :$bill. ;$c29 cm.
440 4 $aThe Third Reich
504 $aBibliography: p. 187.
500 $aIncludes index.
651 0 $aGermany$xPolitics and government$y1918-1933.
600 10 $aHitler, Adolf,$d1889-1945.
610 20 $aNationalsozialistische Deutsche Arbeiter-Partei$xHistory.
610 27 $aNationalsozialistische Deutsche Arbeiterpartei$2swd
648 7 $aGeschichte 1924-1934$2swd
651 7 $aDeutschland$2swd
710 2 $aTime-Life Books.
938 $aBaker & Taylor$bBKTY$c17.95$d13.46$i0809469545$n0001482620$sactive
938 $aBaker and Taylor$bBTCP$n88024789
938 $aYBP Library Services$bYANK$n700387
952 $a18351641$zDLC$bLIBRARY OF CONGRESS$hFull$iLCC$kDDC$u20100627
952 $a132660906$zJTC$bSHASTA PUB LIBR$hFull$iLCC$kDDC$u20100721
952 $a216591053$zCUY$bUNIV OF CALIFORNIA, BERKELEY$hFull$iLCC$kDDC$u20100726
952 $a239960341$zHLS$bHARVARD UNIV, HARVARD COL LIBR$hFull batch$iLCC$kDDC$u20100728
952 $a265317422$zCUD$bCAMBRIDGE UNIV$hFull$u20100715
029 1 $aNLGGC$b048128473
029 1 $aNZ1$b3340806
029 1 $aAU@$b000005983623
029 1 $aUNITY$b019607113
029 1 $aUKCEL$b0809469545
029 1 $aUKISL$b0809469545
029 1 $aUKLBL$b0809469545
029 1 $aUKWIR$b0809469545
029 1 $aUKBNS$b0809469545
029 1 $aGLOCC$b0809469545
029 1 $aUKDGL$b0809469545
029 1 $aUKFCC$b0809469545
029 1 $aUKGTH$b0809469545
029 1 $aUKBDF$b0809469545
029 1 $aGEBAY$b1391528
994 $aZ0$bPMR
948 $hNO HOLDINGS IN PMR - 1115 OTHER HOLDINGS